Dopad vstupu Slovenskej republiky do eurozóny na účtovníctvo podnikateľov v SR bakalárska práca

Uložené v:
Podrobná bibliografia
Hlavný autor: Hrotkóová, Erika
Korporativný autor: Fakulta hospodárskej informatiky EU. Katedra účtovníctva a audítorstva
Ďalší autori: Szász, Marek
Médium: Kniha
Jazyk:Slovak
Vydavateľské údaje: Bratislava 2009
Tagy: Pridať tag
Žiadne tagy, Buďte prvý, kto otaguje tento záznam!

MARC

LEADER 00000nam$a2200000$$$4500
001 0096268
005 20240318134626.8
041 0 |a slo 
044 |a SK 
245 1 0 |a Dopad vstupu Slovenskej republiky do eurozóny na účtovníctvo podnikateľov v SR  |b bakalárska práca  |c Erika Hrotkóová ; škol. Marek Szász 
264 1 |a Bratislava  |c 2009 
300 |a 30 s. 
100 1 |a Hrotkóová, Erika 
700 1 |a Szász, Marek 
710 2 |a Fakulta hospodárskej informatiky EU. Katedra účtovníctva a audítorstva